1213 1064 1899 1393 1030 1933 1733 1658 1425 1767 1718 1636 1776 1701 1992 1881 1589 1331 1481 1354 1591 1402 1489 1093 1694 1232 1501 1245 1388 1794 1010 1586 1620 1087 1640 1613 1727 1555 1076 1129 1508 1182 1228 1286 1374 1998 1754 1985 1500 1474 1513 1371 1102 1455 1575 1949 1946 1092 1559 1791 1458 1318 1372 1585 1375 1011 1146 1127 1309 1427 1166 1967 1508 1285 1437 1000 1865 1107 1621 1108 1751 1883 1502 1145 1592 1695 1949 1871 1721 1523 1232 1053 1842 1334 1853 1458 1563 1500 1351 BCNSPRNW ULIB Ver.6.0+V

เปลี่ยนเป็นภาษาไทย

Change to English
 แสดงรายละเอียดบรรณานุกรม
  กลับหน้าหลัก

Brief Record : Get Marc (ISO 2709) : E-mail record : QR code < ปิดหน้าต่าง
LEADER : 00000nam 2200000uu 4500
001    13399126685
003     ULIB
008    190211s2561||||th 000 0 tha d
020    ^a9786164431539
060    ^aWP480^bอ97ม
100    ^aไอริณ เรืองขจร
245    ^aมะเร็งปากมดลูก/^bไอริณ เรืองขจร
250    ^aพิมพ์ครั้งที่ 1
260    ^aกรุงเทพฯ :^bภาควิชาสููติศาสตร์-นรีเวชวิทยา คณะแพทยศาสตร์ศิริราชพยาบาล มหาวิทยาลัยมหิดล,^c2561
300    ^a248 หน้า
650    ^aมะเร็งปากมดลูก
945    ^p439^l0^i27015
945    ^p439^l0^i27016
945    ^p439^l0^i27017
999    ^aกัณชพร จุลอักษร
รายการนี้ยังไม่มีแท็ก
คุณยังไม่ได้ล็อกอิน คุณสามารถมีกิจกรรมร่วมกับเว็บไซต์ได้ แต่ต้องล็อกอินก่อน ::
  ล็อกอิน

รายการสื่อสารสนเทศ

ลำดับที่ ประเภท เลขเรียก/บาร์โค้ด สถานที่ สถานะ
1. หนังสือสำรอง
หนังสือสำรอง
WP480 อ97ม ฉ.1 
  Barcode: 27015
ห้องสมุดวิทยาเขตนครสวรรค์
►หนังสือทั่วไป:l:General Books
บนชั้น
2. วิทยาศาสตร์การแพทย์ และสุขภาพ
วิทยาศาสตร์การแพทย์ และสุขภาพ
WP480 อ97ม ฉ.2 
  Barcode: 27016
ห้องสมุดวิทยาเขตนครสวรรค์
►หนังสือทั่วไป:l:General Books
บนชั้น
3. วิทยาศาสตร์การแพทย์ และสุขภาพ
วิทยาศาสตร์การแพทย์ และสุขภาพ
WP480 อ97ม ฉ.3 
  Barcode: 27017
ห้องสมุดวิทยาเขตนครสวรรค์
►หนังสือทั่วไป:l:General Books
บนชั้น

รายการใกล้เคียง
    ผู้แต่ง [ไอริณ เรืองขจร]

    หัวเรื่อง [มะเร็งปากมดลูก]

BibComment


ยังไม่เคยถูกคอมเมนท์

คอมเมนท์ทรัพยากรรายการนี้
  คอมเมนท์: มะเร็งปากมดลูก ไ..


 Copyright 2026. Bcnsprnw @Library